00317nam a2200121Ia 4500008004100000041000800041082001500049100001800064245003700082260003300119300003200152365001100184240624s9999 xx 000 0 und d aeng a658.83 TAH aTAHER NASREEN aGUERRILLA MARKETING COMES OF AGE c2006aHyderabadbICFAI press aviii, : 186 : p. : cm. ; 23 cRSb50